[Event "Ibiza Eivissa op 8th"]
[Site "Eivissa"]
[Date "2019.07.27"]
[Round "6"]
[White "Cabello Ferrer, Raquel"]
[Black "Cabrera Cabrera, Nelson"]
[Result "1-0"]
[WhiteElo "1543"]
[BlackElo "1454"]
[PlyCount "81"]
[EventDate "2019.07.07"]
[EventType "swiss"]
[EventRounds "7"]
[EventCountry "ESP"]
[SourceTitle "EXT 2020"]
[Source "ChessBase"]
[SourceDate "2019.10.17"]
[SourceVersion "1"]
[SourceVersionDate "2019.10.17"]
[SourceQuality "1"]

1. e4 e6 2. d4 d5 3. Nd2 c5 4. c3 Nf6 5. e5 Nfd7 6. Bd3 Nc6 7. Ne2 Qb6 8. Nf3 Be7 9. 0-0 f6 10. exf6 Nxf6 11. Re1 Bd6 12. b3 0-0 13. Bf4 Bxf4 14. Nxf4 cxd4 15. cxd4 Re8 16. h3 Nxd4 17. Nxd4 e5 18. Nxd5 Nxd5 19. Bxh7+ Kf8 20. Nf3 Nf6 21. Bc2 e4 22. Ng5 Bf5 23. Qe2 Rad8 24. Rad1 Rxd1 25. Bxd1 e3 26. fxe3 Nd5 27. Kh1 Rxe3 28. Qf2 Rxe1+ 29. Qxe1 Nf4 30. Qf1 Qd4 31. Bf3 g6 32. Bxb7 Nh5 33. Ne6+ Ke7 34. Nxd4 Ng3+ 35. Kg1 Nxf1 36. Kxf1 Bd3+ 37. Kf2 Kd6 38. Bf3 Kc5 39. Ke3 Bb1 40. a3 a5 41. Be4 1-0

[Event "Balears-ch U16 Girls"]
[Site "Eivissa"]
[Date "2018.05.05"]
[Round "3.2"]
[White "Cabello Ferrer, Raquel"]
[Black "Moll Pons, Jana"]
[Result "0-1"]
[WhiteElo "1456"]
[BlackElo "1420"]
[PlyCount "104"]
[EventDate "2018.05.04"]
[EventType "swiss"]
[EventRounds "5"]
[EventCountry "ESP"]
[SourceTitle "EXT 2024"]
[Source "ChessBase"]
[SourceDate "2023.10.10"]
[SourceVersion "1"]
[SourceVersionDate "2023.10.10"]
[SourceQuality "1"]

1. e4 c5 2. Nf3 g6 3. Nc3 Bg7 4. Be2 d6 5. d4 cxd4 6. Nxd4 Nc6 7. Be3 Nf6 8. h3 0-0 9. Qd2 Bd7 10. 0-0 Rc8 11. Rab1 Re8 12. Rfd1 Nxd4 13. Bxd4 Bc6 14. Bf3 Ra8 15. Qe3 Nd7 16. Bxg7 Kxg7 17. Be2 Qb6 18. Qxb6 Nxb6 19. f3 Rac8 20. Nb5 Bxb5 21. Bxb5 Red8 22. Bd3 Na4 23. Bb5 Nc5 24. Bc4 Na4 25. Bb3 Nb6 26. c3 Nc4 27. Kf2 Rc7 28. Ke2 Kf6 29. Bxc4 Rxc4 30. Rd4 Rxd4 31. cxd4 Rc8 32. Rd1 Rc2+ 33. Rd2 Rxd2+ 34. Kxd2 e6 35. Ke3 e5 36. dxe5+ dxe5 37. h4 Ke6 38. g4 a6 39. f4 exf4+ 40. Kxf4 h6 41. b3 b5 42. b4 f6 43. g5 hxg5+ 44. hxg5 fxg5+ 45. Kxg5 Ke5 46. Kxg6 Kxe4 47. Kf6 Kd4 48. Ke6 Kc4 49. Kd6 Kxb4 50. Kc6 Ka3 51. Kc5 Kxa2 52. Kb4 Kb2 0-1

[Event "Ibiza-ch"]
[Site "Ibiza"]
[Date "2017.11.26"]
[Round "7"]
[White "Cabello Ferrer, Raquel"]
[Black "Reina Fernandez, Fabian"]
[Result "1/2-1/2"]
[WhiteElo "1392"]
[BlackElo "1510"]
[PlyCount "91"]
[EventDate "2017.11.04"]
[EventType "swiss"]
[EventRounds "7"]
[EventCountry "ESP"]
[SourceTitle "EXT 2024"]
[Source "ChessBase"]
[SourceDate "2023.10.10"]
[SourceVersion "1"]
[SourceVersionDate "2023.10.10"]
[SourceQuality "1"]

1. e4 d5 2. exd5 Qxd5 3. Nc3 Qa5 4. d4 c6 5. Nf3 Nf6 6. Bd2 Qc7 7. Be2 Bf5 8. Nh4 Bg6 9. Nxg6 hxg6 10. h3 e6 11. Bf3 Nbd7 12. Qe2 Nb6 13. Ne4 0-0-0 14. Nxf6 gxf6 15. Be3 Bb4+ 16. c3 Bd6 17. 0-0 Nd5 18. Bxd5 exd5 19. Qf3 Qd7 20. Qg4 Qxg4 21. hxg4 Bh2+ 22. Kh1 Rh7 23. g3 Bxg3+ 24. Kg2 Bd6 25. Rh1 Rdh8 26. Rxh7 Rxh7 27. Rh1 Rxh1 28. Kxh1 Kd7 29. Kg2 Ke6 30. f4 f5 31. g5 f6 32. Kf3 fxg5 33. fxg5 a5 34. a3 b6 35. b4 axb4 36. axb4 Kd7 37. Bf2 Be7 38. Kf4 c5 39. b5 Bd6+ 40. Kf3 c4 41. Be3 Ke6 42. Bf4 Be7 43. Be3 Ba3 44. Bf4 Bb2 45. Bd2 Ba3 46. Bf4 1/2-1/2

[Event "Ibiza y Formentera-ch U18 19th"]
[Site "Eivissa"]
[Date "2017.09.08"]
[Round "5.4"]
[White "Cabello Ferrer, Raquel"]
[Black "Prohens Lopez, Laia"]
[Result "1-0"]
[WhiteElo "1406"]
[BlackElo "1241"]
[PlyCount "103"]
[EventDate "2017.09.04"]
[EventType "swiss"]
[EventRounds "5"]
[EventCountry "ESP"]
[SourceTitle "EXT 2024"]
[Source "ChessBase"]
[SourceDate "2023.10.10"]
[SourceVersion "1"]
[SourceVersionDate "2023.10.10"]
[SourceQuality "1"]

1. e4 e5 2. Nf3 Nc6 3. Nc3 Nf6 4. Bb5 a6 5. Ba4 b5 6. Bb3 Bb4 7. 0-0 d6 8. h3 Bxc3 9. dxc3 h6 10. a3 0-0 11. Nh4 Ne7 12. Re1 Bb7 13. Qf3 Qd7 14. g4 Qc6 15. Bxh6 Nxe4 16. Be3 Nf6 17. Qxc6 Bxc6 18. Bg5 Bd5 19. Bxf6 gxf6 20. Bxd5 Nxd5 21. Ng2 Rfe8 22. Rad1 Nb6 23. b3 a5 24. Ne3 Re6 25. Rd3 Rd8 26. Red1 Kh7 27. c4 bxc4 28. Nxc4 Nxc4 29. bxc4 c6 30. Kg2 Kg6 31. h4 f5 32. gxf5+ Kxf5 33. Rf3+ Kg6 34. Kh3 f6 35. Rg3+ Kf7 36. Rdg1 f5 37. Rg7+ Ke8 38. Rg8+ Kd7 39. R8g7+ Re7 40. Rxe7+ Kxe7 41. Rg7+ Ke6 42. Rc7 Rg8 43. Rxc6 Rg4 44. c5 Rd4 45. Rxd6+ Rxd6 46. cxd6 Kxd6 47. h5 Ke7 48. c4 e4 49. Kg3 Kf6 50. h6 Kg5 51. h7 f4+ 52. Kg2 1-0

[Event "Ibiza y Formentera-ch U18 19th"]
[Site "Eivissa"]
[Date "2017.09.07"]
[Round "4.5"]
[White "Cabello Ferrer, Raquel"]
[Black "Hernandez Gallardo, Alvaro"]
[Result "1-0"]
[WhiteElo "1406"]
[BlackElo "1264"]
[PlyCount "59"]
[EventDate "2017.09.04"]
[EventType "swiss"]
[EventRounds "5"]
[EventCountry "ESP"]
[SourceTitle "EXT 2024"]
[Source "ChessBase"]
[SourceDate "2023.10.10"]
[SourceVersion "1"]
[SourceVersionDate "2023.10.10"]
[SourceQuality "1"]

1. e4 e5 2. Nf3 Nc6 3. Nc3 Nf6 4. Bb5 Nd4 5. d3 c6 6. Ba4 Nxf3+ 7. Qxf3 h6 8. a3 Be7 9. Qg3 d6 10. Bb3 Qc7 11. Bd2 0-0 12. Bxh6 Nh5 13. Qg6 Qd7 14. Qxh5 gxh6 15. Qg6+ Kh8 16. Qxh6+ Kg8 17. Qg6+ Kh8 18. Bxf7 Rxf7 19. Qxf7 Qe6 20. Qxe6 Bxe6 21. 0-0-0 Rg8 22. Rhg1 Bh4 23. g3 Bf6 24. f3 d5 25. Ne2 b5 26. Nc3 a5 27. exd5 b4 28. axb4 axb4 29. Ne4 cxd5 30. Nxf6 1-0

[Event "ESP-chT Regional U14"]
[Site "Padron"]
[Date "2017.06.23"]
[Round "3.3"]
[White "Iglesias Abroma, Carla"]
[Black "Cabello Ferrer, Raquel"]
[Result "1/2-1/2"]
[WhiteElo "1224"]
[BlackElo "1539"]
[PlyCount "126"]
[EventDate "2017.06.22"]
[EventType "team"]
[EventRounds "6"]
[EventCountry "ESP"]
[SourceTitle "EXT 2018"]
[Source "ChessBase"]
[SourceDate "2017.10.13"]
[SourceVersion "1"]
[SourceVersionDate "2017.10.13"]
[SourceQuality "1"]
[WhiteTeam "La Rioja (U14)"]
[BlackTeam "Baleares (U14)"]
[WhiteTeamCountry "ESP"]
[BlackTeamCountry "ESP"]

1. e4 e5 2. Bc4 Nf6 3. d3 Nc6 4. Nf3 d6 5. 0-0 Bg4 6. Nbd2 Nd4 7. Re1 c6 8. c3 Nxf3+ 9. Nxf3 g6 10. Qb3 Qe7 11. Ng5 Bg7 12. Bxf7+ Kd8 13. Be3 h6 14. Ne6+ Bxe6 15. Bxe6 Kc7 16. Bd2 Nd7 17. Bxd7 Qxd7 18. Re3 Rhf8 19. Rd1 Qf7 20. Qxf7+ Rxf7 21. d4 exd4 22. cxd4 Bxd4 23. Rf3 Rxf3 24. gxf3 h5 25. Bf4 Be5 26. Bxe5 dxe5 27. Kg2 Rg8 28. Kg3 g5 29. h4 g4 30. f4 exf4+ 31. Kxf4 Rf8+ 32. Kg3 Rf3+ 33. Kg2 Rf4 34. Rd4 a6 35. Kf1 Kb6 36. Ke2 Kc5 37. Ra4 Kb5 38. b3 a5 39. e5 Rxa4 40. bxa4+ Kc5 41. f3 gxf3+ 42. Kxf3 Kd5 43. Kf4 Ke6 44. Ke4 b5 45. axb5 cxb5 46. Kd4 a4 47. a3 Ke7 48. Kc5 Ke6 49. Kxb5 Kxe5 50. Kxa4 Kf4 51. Kb4 Kg4 52. a4 Kxh4 53. a5 Kg3 54. a6 h4 55. a7 h3 56. a8Q h2 57. Kc3 Kf2 58. Qh8 Kg1 59. Qg7+ Kh1 60. Qh6 Kg2 61. Qg5+ Kf2 62. Qh4+ Kg2 63. Qg4+ Kh1 1/2-1/2

[Event "Ibiza-ch"]
[Site "Eivissa"]
[Date "2016.11.20"]
[Round "5"]
[White "Cabello Ferrer, Raquel"]
[Black "Reina Sorribas, Adrian"]
[Result "1-0"]
[WhiteElo "1360"]
[BlackElo "1180"]
[PlyCount "47"]
[EventDate "2016.11.06"]
[EventType "swiss"]
[EventRounds "7"]
[EventCountry "ESP"]
[SourceTitle "EXT 2018"]
[Source "ChessBase"]
[SourceDate "2017.10.13"]
[SourceVersion "1"]
[SourceVersionDate "2017.10.13"]
[SourceQuality "1"]

1. e4 c5 2. Nf3 Nc6 3. d4 cxd4 4. Nxd4 g6 5. Nc3 Bg7 6. Be3 Nf6 7. f3 d6 8. Bb5 Bd7 9. Qd2 0-0 10. h4 a6 11. Ba4 b5 12. Bb3 e6 13. Bg5 Qb6 14. Nxc6 Qxc6 15. g4 a5 16. a4 b4 17. Nb5 Qb6 18. Qxd6 Qxd6 19. Nxd6 Ne8 20. Nxe8 Raxe8 21. 0-0-0 Bc6 22. h5 f5 23. Rd6 Bd5 24. exd5 1-0

[Event "Ibiza-ch"]
[Site "Eivissa"]
[Date "2016.11.06"]
[Round "1"]
[White "Bordes Ibanez, Juan Bautista"]
[Black "Cabello Ferrer, Raquel"]
[Result "1-0"]
[WhiteElo "1980"]
[BlackElo "1360"]
[PlyCount "40"]
[EventDate "2016.11.06"]
[EventType "swiss"]
[EventRounds "7"]
[EventCountry "ESP"]
[SourceTitle "EXT 2018"]
[Source "ChessBase"]
[SourceDate "2017.10.13"]
[SourceVersion "1"]
[SourceVersionDate "2017.10.13"]
[SourceQuality "1"]

1. Nf3 Nc6 2. d4 d5 3. Bf4 Bf5 4. e3 a6 5. c4 e6 6. Nc3 Nf6 7. Rc1 Bd6 8. cxd5 Nxd5 9. Nxd5 exd5 10. Bxd6 Qxd6 11. Be2 Qb4+ 12. Qd2 Qxd2+ 13. Kxd2 0-0 14. Rhd1 Rae8 15. a3 h6 16. Bxa6 bxa6 17. Rxc6 Rb8 18. Rc2 Rb6 19. Rc5 c6 20. b4 f6 1-0

[Event "Ibiza Eivissa op 5th"]
[Site "Eivissa"]
[Date "2016.04.24"]
[Round "7"]
[White "Cabello Ferrer, Raquel"]
[Black "Hernandez Pena, Juan Ignacio"]
[Result "0-1"]
[WhiteElo "1273"]
[BlackElo "1446"]
[PlyCount "46"]
[EventDate "2016.04.03"]
[EventType "swiss"]
[EventRounds "7"]
[EventCountry "ESP"]
[SourceTitle "EXT 2024"]
[Source "ChessBase"]
[SourceDate "2023.10.10"]
[SourceVersion "1"]
[SourceVersionDate "2023.10.10"]
[SourceQuality "1"]

1. e4 e5 2. Nf3 Nc6 3. Nc3 Nf6 4. Bb5 d6 5. d4 exd4 6. Nxd4 Bd7 7. Bg5 Be7 8. f3 0-0 9. Rb1 Nxd4 10. Qxd4 Bxb5 11. Nxb5 c6 12. Nc3 Qa5 13. Bh4 Qh5 14. Bxf6 Bxf6 15. Qd3 Be5 16. Kf1 Rad8 17. Ne2 Qh4 18. c3 Rd7 19. Rd1 Rfd8 20. Qe3 Qf6 21. f4 d5 22. Kf2 Bc7 23. exd5 Re7 0-1

[Event "Ibiza Eivissa op 5th"]
[Site "Eivissa"]
[Date "2016.04.03"]
[Round "1"]
[White "Cabello Ferrer, Raquel"]
[Black "Prohens Lopez, Aitor"]
[Result "0-1"]
[WhiteElo "1273"]
[BlackElo "1678"]
[PlyCount "59"]
[EventDate "2016.04.03"]
[EventType "swiss"]
[EventRounds "7"]
[EventCountry "ESP"]
[SourceTitle "EXT 2024"]
[Source "ChessBase"]
[SourceDate "2023.10.10"]
[SourceVersion "1"]
[SourceVersionDate "2023.10.10"]
[SourceQuality "1"]

1. e4 c5 2. Nf3 Nc6 3. Bc4 g6 4. Nc3 Bg7 5. d3 e6 6. Be3 Nd4 7. Rb1 Ne7 8. a3 0-0 9. Bxd4 cxd4 10. Ne2 d5 11. Ba2 Nc6 12. exd5 exd5 13. h3 Re8 14. 0-0 Qd6 15. Re1 Bd7 16. c3 dxc3 17. bxc3 b6 18. Qb3 Be6 19. Ng5 Rad8 20. Nxe6 Rxe6 21. Ng3 Na5 22. Qb4 Nb7 23. Qxd6 Rexd6 24. Re7 R6d7 25. Rxd7 Rxd7 26. c4 dxc4 27. Bxc4 Na5 28. Bb5 Rc7 29. Rb2 Bxb2 30. Kh2 0-1

[Event "Ibiza-ch"]
[Site "Eivissa"]
[Date "2015.11.07"]
[Round "1"]
[White "Cabello Ferrer, Raquel"]
[Black "Ramirez Mari, Antonio"]
[Result "0-1"]
[WhiteElo "1254"]
[BlackElo "1674"]
[PlyCount "40"]
[EventDate "2015.11.07"]
[EventType "swiss"]
[EventRounds "7"]
[EventCountry "ESP"]
[SourceTitle "EXT 2017"]
[Source "ChessBase"]
[SourceDate "2016.10.25"]
[SourceVersion "1"]
[SourceVersionDate "2016.10.25"]
[SourceQuality "1"]

1. e4 c6 2. d4 d5 3. exd5 cxd5 4. Bd3 Nf6 5. Nc3 e6 6. Nf3 Bb4 7. Bd2 Nc6 8. a3 Be7 9. 0-0 Bd7 10. h3 a6 11. Bf4 b5 12. b4 Rc8 13. Qe1 Qb6 14. Be3 Qc7 15. Bf4 Qxf4 16. Qe3 Qxe3 17. fxe3 Nxd4 18. exd4 Rxc3 19. Ne5 Rc7 20. Rac1 0-0 0-1

[Event "Eivissa Insular-ch"]
[Site "Eivissa"]
[Date "2014.11.15"]
[Round "3"]
[White "Cabello Ferrer, Raquel"]
[Black "Fernandez Lopez, Marcos"]
[Result "0-1"]
[WhiteElo "1212"]
[BlackElo "1797"]
[PlyCount "44"]
[EventDate "2014.10.25"]
[EventType "swiss"]
[EventRounds "7"]
[EventCountry "ESP"]
[SourceTitle "EXT 2016"]
[Source "ChessBase"]
[SourceDate "2015.10.08"]
[SourceVersion "1"]
[SourceVersionDate "2015.10.08"]
[SourceQuality "1"]

1. e4 e5 2. Nf3 d6 3. d4 exd4 4. Nxd4 Nf6 5. Nc3 Be7 6. Bc4 0-0 7. Bb3 c6 8. Nf3 Nbd7 9. 0-0 Nc5 10. Bc4 Nfxe4 11. Nxe4 Nxe4 12. Bd3 d5 13. Re1 f5 14. c4 Kh8 15. Qc2 Bf6 16. Bd2 Qb6 17. Bc3 Bxc3 18. bxc3 Bd7 19. cxd5 cxd5 20. Nd4 Rac8 21. Bxe4 fxe4 22. Kh1 Qxd4 0-1

[Event "Eivissa Insular-ch"]
[Site "Eivissa"]
[Date "2014.11.08"]
[Round "2"]
[White "Cabello Ferrer, Raquel"]
[Black "Hernandez Gallardo, Alvaro"]
[Result "1-0"]
[WhiteElo "1212"]
[BlackElo "1504"]
[PlyCount "94"]
[EventDate "2014.10.25"]
[EventType "swiss"]
[EventRounds "7"]
[EventCountry "ESP"]
[SourceTitle "EXT 2016"]
[Source "ChessBase"]
[SourceDate "2015.10.08"]
[SourceVersion "1"]
[SourceVersionDate "2015.10.08"]
[SourceQuality "1"]

1. e4 c5 2. Nf3 d6 3. d4 cxd4 4. Nxd4 Nf6 5. Nc3 g6 6. h3 Bg7 7. Be3 0-0 8. Bc4 e5 9. Nf3 Nc6 10. Bb3 Na5 11. Bd5 Qe7 12. 0-0 Be6 13. Re1 Nh5 14. Ng5 h6 15. Bxe6 fxe6 16. Nf3 Qf6 17. Qd2 g5 18. Ne2 Nf4 19. Bxf4 gxf4 20. Qxa5 Qg6 21. Qb4 d5 22. exd5 exd5 23. Qc5 e4 24. Qxd5+ Kh8 25. Ne5 Qg5 26. Nf7+ Rxf7 27. Qxf7 f3 28. Ng3 Be5 29. Kh2 e3 30. Qxf3 exf2 31. Qxf2 Rg8 32. Rxe5 Qxe5 33. Re1 Qc7 34. Qe3 Qxc2 35. Qxh6+ Qh7 36. Qxh7+ Kxh7 37. Re7+ Kh8 38. Rxb7 a5 39. Ra7 Rg5 40. h4 Rb5 41. b3 Rb4 42. Kh3 Rb5 43. Ne2 Re5 44. Nd4 Re3+ 45. g3 Rd3 46. Nc6 Rd6 47. Nxa5 Rd2 1-0

[Event "Eivissa Insular-ch"]
[Site "Eivissa"]
[Date "2014.10.25"]
[Round "1"]
[White "Ramirez Mari, Antonio"]
[Black "Cabello Ferrer, Raquel"]
[Result "1-0"]
[WhiteElo "1705"]
[BlackElo "1212"]
[PlyCount "97"]
[EventDate "2014.10.25"]
[EventType "swiss"]
[EventRounds "7"]
[EventCountry "ESP"]
[SourceTitle "EXT 2016"]
[Source "ChessBase"]
[SourceDate "2015.10.08"]
[SourceVersion "1"]
[SourceVersionDate "2015.10.08"]
[SourceQuality "1"]

1. d4 d5 2. c4 e6 3. Nc3 Nf6 4. Bg5 Nbd7 5. e3 Bb4 6. Rc1 b6 7. cxd5 exd5 8. a3 Bxc3+ 9. Rxc3 Bb7 10. b4 a6 11. Qc1 c6 12. Nf3 Qc7 13. Bf4 Qc8 14. Bd3 0-0 15. 0-0 Re8 16. Qc2 h6 17. Rc1 a5 18. Nd2 axb4 19. axb4 Kh8 20. Bb5 Re6 21. Bxc6 Bxc6 22. Rxc6 Rxc6 23. Qxc6 Qxc6 24. Rxc6 Ne4 25. Nf1 Ra1 26. Rc2 Rb1 27. f3 Nef6 28. Bd6 Kh7 29. Kf2 Ra1 30. h4 Ra6 31. g4 g5 32. hxg5 hxg5 33. Ng3 Kg6 34. Nf5 Kh7 35. Kg3 Kg6 36. Rh2 Ng8 37. Rh8 Ndf6 38. Be5 Ra8 39. Bxf6 Kxf6 40. Nh6 Kg7 41. Rxg8+ Rxg8 42. Nxg8 Kxg8 43. e4 dxe4 44. fxe4 Kf8 45. e5 Ke7 46. Kf3 f6 47. Ke4 fxe5 48. Kxe5 b5 49. Kf5 1-0